| 000 | 01731nam a2200277 a 4500 | ||
|---|---|---|---|
| 001 | 79278 | ||
| 003 | BD-RjUL | ||
| 005 | 20220206105053.0 | ||
| 008 | 220130s2013 bg a|||| m||| 00| 0 ben d | ||
| 035 | _a(BD-RjUL)79278 | ||
| 040 |
_aBD-RjUL _bben / eng _cBD-RjUL _dBD-RjUL |
||
| 041 | _aben | ||
| 082 |
_a891.44109 _bRAS 2013 _223 |
||
| 100 |
_aরহমান, মো. মশফিকুর _9984 |
||
| 245 |
_aশামসুর রাহমানের কবিতা : _bবিষয় বৈচিত্র ও শিল্প প্রকরণ / _cমো. মশফিকুর রহমান _6গবেষণা তত্ত্বাবধায়ক : অমৃতলাল বালা |
||
| 260 |
_aরাজশাহী : _bবাংলা বিভাগ, রাজশাহী বিশ্ববিদ্যালয়, _c২০১৩ |
||
| 300 |
_avi, ৩৩৩ পাতা : _bচিত্র ; _c২৯ সেমি. |
||
| 502 | _aথিসিস (পিএইচ. ডি.) -- বাংলা বিভাগ, রাজশাহী বিশ্ববিদ্যালয়, ২০১৩ | ||
| 504 | _aগ্রন্থপঞ্জী : পাতা ৩১১ - ৩২২ | ||
| 600 |
_aরাহমান, শামসুর _d১৯২৯ - ২০০৬ খ্রি. _xসমালোচনা ও ব্যাখা _91145 |
||
| 600 |
_aRahman Shamsur _d1929 - 2006 A. D. _xCriticism and Interpretation _9986 |
||
| 650 |
_aবাংলা কবিতা _xইতিহাস ও সমালোচনা _9987 |
||
| 650 |
_aBengali Poetry _xHistory & Criticism _9988 |
||
| 700 |
_aবালা, অমৃতলাল, গবেষণা তত্ত্বাবধায়ক _9989 |
||
| 942 |
_2ddc _cTHE |
||
| 999 |
_c79278 _d79278 |
||